Auditing principles (Record no. 84466)
[ view plain ]
| 000 -LEADER | |
|---|---|
| fixed length control field | 01039nam a2200205 a 4500 |
| 008 - FIXED-LENGTH DATA ELEMENTS--GENERAL INFORMATION | |
| fixed length control field | 120416s1977 ||||||||||||||||| || u |
| 050 ## - LIBRARY OF CONGRESS CALL NUMBER | |
| Classification number | HF 5667 Ste |
| 100 ## - MAIN ENTRY--PERSONAL NAME | |
| Personal name | Stettler, Howard F |
| 245 10 - TITLE STATEMENT | |
| Title | Auditing principles |
| 250 ## - EDITION STATEMENT | |
| Edition statement | 4th ed. |
| 260 ## - PUBLICATION, DISTRIBUTION, ETC. | |
| Place of publication, distribution, etc. | Englewood Cliffs, [N.J.] |
| Name of publisher, distributor, etc. | FT Prentice-Hall |
| Date of publication, distribution, etc. | 1977 |
| 300 ## - PHYSICAL DESCRIPTION | |
| Extent | xv, 845p. |
| 350 ## - | |
| -- | 0.00 |
| 650 ## - SUBJECT ADDED ENTRY--TOPICAL TERM | |
| Topical term or geographic name entry element | AUDITING |
| 650 ## - SUBJECT ADDED ENTRY--TOPICAL TERM | |
| Topical term or geographic name entry element | TEXTBOOKS |
| 995 ## - | |
| -- | ANNEX COLLECTION (Main Library) |
| -- | 0.00 |
| -- | 701275 |
| -- | CBU-MAIN LIBRARY (Kitwe) |
| -- | 3 |
| -- | 0.00 |
| -- | HF 5667 Ste |
| -- | 3 |
| -- | AVAILABLE |
| -- | 006875 |
| -- | Annex Low-Usage Collection |
| 995 ## - | |
| -- | ANNEX COLLECTION (Main Library) |
| -- | 0.00 |
| -- | 701277 |
| -- | CBU-MAIN LIBRARY (Kitwe) |
| -- | 1 |
| -- | 0.00 |
| -- | HF 5667 Ste |
| -- | 1 |
| -- | AVAILABLE |
| -- | 006873 |
| -- | Annex Low-Usage Collection |
| 995 ## - | |
| -- | MAIN LIBRARY OPEN ACCESS |
| -- | 0.00 |
| -- | 701274 |
| -- | CBU-MAIN LIBRARY (Kitwe) |
| -- | 2 |
| -- | 0.00 |
| -- | HF 5667 Ste |
| -- | 2 |
| -- | AVAILABLE |
| -- | 006874 |
| -- | Main Library Open Access Collection |
| 995 ## - | |
| -- | ANNEX COLLECTION (Main Library) |
| -- | 0.00 |
| -- | 701276 |
| -- | CBU-MAIN LIBRARY (Kitwe) |
| -- | 4 |
| -- | 0.00 |
| -- | HF 5667 Ste |
| -- | 4 |
| -- | AVAILABLE |
| -- | 006876 |
| -- | Annex Low-Usage Collection |
| 999 ## - | |
| -- | 84466 |
| -- | 84466 |
| Withdrawn status | Lost status | Source of classification or shelving scheme | Damaged status | Not for loan | Permanent Location | Current Location | Shelving location | Date acquired | Total Checkouts | Full call number | Barcode | Date last seen | Copy number | Price effective from | Koha item type |
|---|---|---|---|---|---|---|---|---|---|---|---|---|---|---|---|
| CBU-MAIN LIBRARY, KITWE. | CBU-MAIN LIBRARY, KITWE. | 01/25/2024 | HF 5667 Ste | 006875 | 01/25/2024 | 1 | 01/25/2024 | MONOGRAPH | |||||||
| CBU-MAIN LIBRARY, KITWE. | CBU-MAIN LIBRARY, KITWE. | 01/25/2024 | HF 5667 Ste | 006873 | 01/25/2024 | 2 | 01/25/2024 | MONOGRAPH | |||||||
| CBU-MAIN LIBRARY, KITWE. | CBU-MAIN LIBRARY, KITWE. | 01/25/2024 | HF 5667 Ste | 006874 | 01/25/2024 | 3 | 01/25/2024 | MONOGRAPH | |||||||
| Withdrawn | CBU-MAIN LIBRARY, KITWE. | CBU-MAIN LIBRARY, KITWE. | 01/25/2024 | HF 5667 Ste | 006876 | 01/25/2024 | 4 | 01/25/2024 | MONOGRAPH |